Effects of technological changes on conditions of work and employment in postal and telecommunications services

Salvato in:
Dettagli Bibliografici
Ente Autore: Joint Meeting onConditions of Work and Employment in Postal and Telecommunications Services
Natura: Libro
Lingua:Undetermined
Pubblicazione: Geneva International Labour Office 1977
Soggetti:
Tags: Aggiungi Tag
Nessun Tag, puoi essere il primo ad aggiungerne! !
Thư viện lưu trữ: Trung tâm Học liệu Trường Đại học Cần Thơ
LEADER 00796nam a2200181Ia 4500
001 CTU_87205
008 210402s9999 xx 000 0 und d
082 |a 331.2 
082 |b J64 
110 |a Joint Meeting onConditions of Work and Employment in Postal and Telecommunications Services 
245 0 |a Effects of technological changes on conditions of work and employment in postal and telecommunications services 
245 0 |c Joint Meeting onConditions of Work and Employment in Postal and Telecommunications Services 
260 |a Geneva 
260 |b International Labour Office 
260 |c 1977 
650 |a telecommunication--employees,postal service--employees,technological innovations--social aspects 
904 |i Hiếu 
980 |a Trung tâm Học liệu Trường Đại học Cần Thơ